La imprenta (Record no. 27690)

MARC details
000 -LEADER
campo de control de longitud fija 00670nam a2200217 i 4500
001 - NÚMERO DE CONTROL
campo de control 27690
003 - IDENTIFICADOR DE NÚMERO DE CONTROL
campo de control ES-MaACL
005 - FECHA Y HORA DE LA ÚLTIMA TRANSACCIÓN
campo de control 20230906153703.0
007 - CAMPO FIJO DE DESCRIPCIÓN FÍSICA--INFORMACIÓN GENERAL
campo de control de longitud fija t|
008 - DATOS DE LONGITUD FIJA--INFORMACIÓN GENERAL
campo de control de longitud fija 030115s1971 sp af ||||1| spa d
080 ## - NÚMERO DE LA CLASIFICACIÓN DECIMAL UNIVERSAL
Número de la Clasificación Decimal Universal 655.1/.3(02)
100 1# - ENTRADA PRINCIPAL--NOMBRE DE PERSONA
Nombre de persona Auge, R.
9 (RLIN) 23882
245 13 - MENCIÓN DEL TÍTULO
Título La imprenta
Resto del título : nociones técnicas de los procedimientos de impresión, normas tipográficas /
Mención de responsabilidad, etc. R. Auge ; [traducido por: M. Duque].
260 ## - PUBLICACIÓN, DISTRIBUCIÓN, ETC.
Lugar de publicación, distribución, etc. Madrid :
Nombre del editor, distribuidor, etc. Paraninfo,
Fecha de publicación, distribución, etc. 1971.
300 ## - DESCRIPCIÓN FÍSICA
Extensión 159 p., 4 lám. :
Otras características físicas il. ;
Dimensiones 22 cm.
650 #4 - PUNTO DE ACCESO ADICIONAL DE MATERIA--TÉRMINO DE MATERIA
Término de materia o nombre geográfico como elemento de entrada Diseño tipográfico.
9 (RLIN) 147445
700 1# - ENTRADA AGREGADA--NOMBRE PERSONAL
Nombre de persona Duque, M.
9 (RLIN) 46149
852 ## - LOCALIZACIÓN
Ubicación ES-MaACL
Número de control de estantería C-45090
942 ## - ELEMENTOS DE ENTRADA SECUNDARIOS (KOHA)
Fuente del sistema de clasificación o colocación Clasificación decimal universal
Holdings
Estatus retirado Estado de pérdida Estado de daño No para préstamo Biblioteca de origen Biblioteca actual Ubicación en estantería Fecha de adquisición Fuente de adquisición Total de préstamos Signatura topográfica completa Código de barras Visto por última vez Precio de reemplazo Tipo de ítem Koha
        Biblioteca del Ateneo de Madrid Biblioteca del Ateneo de Madrid Depósito 2 17/01/2008     C-45090 1028595 23/02/2023 23/02/2023 Libro impreso